Colonización e inmigraciones en Cuba / (Record no. 149820)

MARC details
000 -LEADER
campo de control de longitud fija 00832nam a2200205 i 4500
001 - NÚMERO DE CONTROL
campo de control 149820
003 - IDENTIFICADOR DE NÚMERO DE CONTROL
campo de control ES-MaACL
005 - FECHA Y HORA DE LA ÚLTIMA TRANSACCIÓN
campo de control 20230906203254.0
007 - CAMPO FIJO DE DESCRIPCIÓN FÍSICA--INFORMACIÓN GENERAL
campo de control de longitud fija t|
008 - DATOS DE LONGITUD FIJA--INFORMACIÓN GENERAL
campo de control de longitud fija 071024s1923 cu ||||1| spa d
100 1# - ENTRADA PRINCIPAL--NOMBRE DE PERSONA
Nombre de persona Valverde y Maruri, Antonio L.
9 (RLIN) 113022
245 10 - MENCIÓN DEL TÍTULO
Título Colonización e inmigraciones en Cuba /
Mención de responsabilidad, etc. discurso leído en la recepción pública del doctor Antonio L. Valverde y Maruri el 28 de junio de 1923 ; contesta en nombre de la corporación Fernando Ortiz Fernández.
260 ## - PUBLICACIÓN, DISTRIBUCIÓN, ETC.
Lugar de publicación, distribución, etc. Habana :
Nombre del editor, distribuidor, etc. Academia de la Historia de Cuba,
Fecha de publicación, distribución, etc. 1923.
300 ## - DESCRIPCIÓN FÍSICA
Extensión 98 p. ;
Dimensiones 28 cm.
651 #4 - PUNTO DE ACCESO ADICIONAL DE MATERIA--NOMBRE GEOGRÁFICO
Nombre geográfico Cuba-
Subdivisión general Historia-
Subdivisión cronológica 1524-1895, Época colonial.
9 (RLIN) 152022
651 #0 - PUNTO DE ACCESO ADICIONAL DE MATERIA--NOMBRE GEOGRÁFICO
Nombre geográfico Cuba-
Subdivisión general Inmigración.
9 (RLIN) 8109
700 1# - ENTRADA AGREGADA--NOMBRE PERSONAL
Nombre de persona Ortiz Fernández, Fernando.
9 (RLIN) 87615
710 2# - ENTRADA AGREGADA--NOMBRE DE ENTIDAD CORPORATIVA
Nombre de entidad corporativa o nombre de jurisdicción como elemento de entrada Academia de la Historia de Cuba.
9 (RLIN) 1183
852 ## - LOCALIZACIÓN
Ubicación ES-MaACL
Número de control de estantería B-12051
Holdings
Estatus retirado Estado de pérdida Estado de daño No para préstamo Biblioteca de origen Biblioteca actual Ubicación en estantería Fecha de adquisición Fuente de adquisición Total de préstamos Signatura topográfica completa Código de barras Visto por última vez Precio de reemplazo Tipo de ítem Koha
        Biblioteca del Ateneo de Madrid Biblioteca del Ateneo de Madrid Sala Pardo Bazán 17/01/2008     B-12051 1156337 23/02/2023 23/02/2023 Libro impreso